Čaro chladných zbraní

Bibliographic Details
Main Authors: Hradský, Juraj, 1953- (Author), Habáň, Pavel, 1952- (Author)
Other Authors: Pevný, Pavol, 1944- (Illustrator)
Format: Book
Language:Slovak
PhysicalDescription:135 s. fareb. fotogr. 31 cm
Published: Bratislava Slovart c2001
ISBN:807145396X
Subjects:

MARC

LEADER 00000nam a2200000 a 4500
001 vtls001416942
003 SK-MaSNL
005 20260301072208.0
008 240315s2001 xo aa r y slo
015 |a SNBA2001/10-03480 
020 |a 807145396X  |q (viaz.) 
035 |a SNK000371719 
035 |a urn:nbn:sk:snk-amlty9 
035 |a urn:nbn:sk:snk-am00cazo 
035 |a EA45C87A-A4FF-4E6F-AE7F-00DC2D89B5D8 
040 |a SNK  |b slo  |c SNK  |e AACR2 
041 0 |a slo 
044 |a xo  |c SK 
080 |a 623.444(091)(084.12)  |2 1981 
100 1 |a Hradský, Juraj,  |d 1953-  |4 aut  |9 85501 
245 1 |a Čaro chladných zbraní  |c autori Juraj Hradský, Pavel Habáň ; ilustrácie Pavol Pevný 
260 |a Bratislava  |b Slovart  |c c2001 
300 |a 135 s.  |b fareb. fotogr.  |c 31 cm 
500 |a Ilustr. na tit. strane 
504 |a Reg. Bibliogr. s. 132-133 
650 0 7 |a zbrane chladné  |x dejiny  |x monografie  |2 SNK  |9 391221 
655 7 |a príručky  |2 SNK  |9 74364 
700 1 |a Habáň, Pavel,  |d 1952-  |4 aut  |9 251217 
700 1 |a Pevný, Pavol,  |d 1944-  |4 ill  |9 151878 
919 |a 80-7145-396-X 
958 |a TL 
958 |a NB 
999 |c 640299  |d 642229 
952 |t P60, <03>, [BOOK], {603}  |a SNK  |b SNK  |y PREZ  |7 0  |p 17A0308080  |o snkSB 63671  |i snkKSP 8404/2001  |0 0  |1 0  |4 0  |d 2001-07-20  |f 1  |l 0  |r 2025-04-15 00:00:00  |w 2026-02-23 
952 |t P60, <04>, [BOOK], {604}  |a SNK  |b SNK  |y VYP  |7 0  |p 17A0308081  |o snkSB 63671 D1  |i snkKSP 8405/2001  |0 0  |1 1  |4 0  |d 2001-07-20  |l 0  |r 2005-01-02 00:00:00  |w 2026-02-23 
952 |t snkHRA 623.4  |a SNKUST  |b SNKUST  |y PREZ  |7 0  |p 17A0329558  |o snkSB 63671 D2  |i snk2016/12242  |8 5  |0 0  |1 0  |4 0  |d 2002-01-24  |l 0  |r 2025-04-29 00:00:00  |w 2026-02-23